000 01592 a2200229 4500
001 47498
005 20260407155742.0
008 260407a2006 arg spa d
003 AR-UNSa-BCEJYS
040 _aAR-UNSa-BCEJYS
_bspa
_cAR-UNSa-BCEJYS
080 _a330.101.541
_xMacroeconomía
245 1 0 _aMacroeconomía Argentina
020 _a987-23113-0-7
264 1 _aBuenos Aires :
_bAlfaomega
_c2006
300 _a481 p.
_c24 cm.
505 _a1. Introducción: conceptos esenciales de macroeconomía -- Parte I: La economía en el largo plazo: 2. La riqueza de las naciones - 3. Las causas del crecimiento económico -- Parte II: La economía en el corto plazo: 4. La macroeconomía en el corto plazo: introducción - 5. El equilibrio macroeconómico: introducción - 6. El mercado de trabajo - 7. Empleo, producción y demanda en una economía abierta - 8. Fluctuaciones económicas con tipo de cambio fijo - 9. La creación de dinero - 10. Demanda de dinero, tipo de cambio y equilibrio monetario - 11. Policía monetaria en pleno empleo y en el largo plazo - 12. La política monetaria ante el desequilibrio macroeconómico - 13. La restricción externa -- Parte III: Tópicos de macroeconomía: 14. La política fiscal - 15. Inflación, hiperinflación y estabilización - 16. El sistema financiero - 17. Las grandes economías y la economía mundial.
942 _cBK
590 _aniveau_biblio:m niveau_hierar:0
100 1 _aBraun, Miguel
700 1 _aLlach, Lucas
856 4 1 _uhttps://www.biblioeco.unsa.edu.ar/pmb/images/libros/L127532.jpg
_yImagen de portada
_qimage/jpeg
999 _c4389
_d4389